Second Level Subdivisions of Senegal with Map - Statistics

General Stats
  • This quiz has been taken 55 times
  • The average score is 15 of 45
Answers on the Map
Answers color-coded by a green-red scale on the quiz's map according to % correct below.
 
Answer Stats
Region Second Level Subdivision % Correct
Dakar Dakar
100%
Saint Louis Saint Louis
72%
Kaolack Kaolack
64%
Thiès Thiès
64%
Fatick Fatick
58%
Kaffrine Kaffrine
58%
Kédougou Kédougou
58%
Kolda Kolda
58%
Matam Matam
58%
Tambacounda Tambacounda
58%
Ziguinchor Ziguinchor
58%
Diourbel Diourbel
56%
Louga Louga
56%
Sédhiou Sédhiou
53%
Thiès Mbour
31%
Dakar Rufisque
31%
Dakar Guédiawaye
28%
Dakar Pikine
28%
Saint Louis Podor
28%
Kolda Vélingara
28%
Fatick Foundiougne
25%
Fatick Gossas
25%
Louga Linguère
25%
Tambacounda Bakel
22%
Diourbel Bambey
22%
Ziguinchor Bignona
22%
Saint Louis Dagana
22%
Kaffrine Koungheul
22%
Diourbel Mbacké
22%
Ziguinchor Oussouye
22%
Sédhiou Bounkiling
19%
Sédhiou Goudomp
19%
Kaolack Guinguinéo
19%
Matam Kanel
19%
Louga Kébémer
19%
Kaffrine Malem Hodar
19%
Kaolack Nioro Du Rip
19%
Thiès Tivaouane
19%
Tambacounda Goudiry
17%
Kolda Médina Yoro Foulah
17%
Matam Ranérou Ferlo
17%
Kédougou Salémata
17%
Kédougou Saraya
17%
Kaffrine Birkelane
14%
Tambacounda Koumpentoum
14%
No matching quizzes found
Score Distribution
Percent of People with Each Score
Percentile by Number Answered
Your Score History
You have not taken this quiz